ජෛව පද්ධති තාක්ෂණවේදය V කොටස අධ්‍යායන පොදු සහතික පත්‍ර උසස් පෙළ තාක්ෂණවේදය විෂය ධාරාව

Saved in:
Bibliographic Details
Main Author: ජෛව පද්ධති තාක්ෂනවේදය
Format: Book
Published: බත්තරමුල්ල: අධයපන ප්‍රකාශන දෙපාර්තමේන්තුව, 2015,
Subjects:
500
Tags: Add Tag
No Tags, Be the first to tag this record!

MARC

LEADER 00000nam a22000007a 4500
005 20220522123157.0
041 |a SIN 
082 |a 577  |b ජෛව  
100 |a ජෛව පද්ධති තාක්ෂනවේදය  
245 |a ජෛව පද්ධති තාක්ෂණවේදය V කොටස   |b අධ්‍යායන පොදු සහතික පත්‍ර උසස් පෙළ තාක්ෂණවේදය විෂය ධාරාව  
260 |a බත්තරමුල්ල:  |b අධයපන ප්‍රකාශන දෙපාර්තමේන්තුව,  |c 2015, 
300 |a 192;  |b සෙ.මි.24 
650 |a 500 
942 |2 ddc  |c REF 
999 |c 53215  |d 53215